| 000 | 00000nas 2200000za 4500 |
| 001 | 9.506772 |
| 003 | CaOODSP |
| 005 | 20221107133708 |
| 007 | cr ||||||||||| |
| 008 | 150406d20112015oncfr p o f0 a0eng|d |
| 022 | |a1927-2928 |
| 040 | |aCaOODSP|beng |
| 043 | |an-cn--- |
| 086 | 1 |aMR12-6E-PDF |
| 222 | 0|aShow me the evidence |b(Online) |
| 245 | 10|aShow me the evidence |h[electronic resource]. |
| 260 | |aOttawa : |bCanadian Institutes of Health Research, |c2011-2015. |
| 310 | |aSemiannual |
| 362 | 0 |aVol. 1, issue 1 (fall 2011)-v. 2, iss. 4 (spring 2015). |
| 500 | |aIssued also in French under title: Voici les faits. |
| 520 | 3 |aFocuses on telling stories about how and where health research evidence produced by CIHR-supported researchers is being used. |
| 692 | 07|2gccst|aMedical research |
| 710 | 2 |aCanadian Institutes of Health Research. |
| 775 | 08|tVoici les faits |w(CaOODSP)9.503167 |
| 776 | 0#|tShow me the evidence |w(CaOODSP)9.512344 |